Quizzes
Events
Quiz Creation
Community
Videos
Private Events
Remove Ads
Sign In
Join for FREE
Feedback
Dark Mode
Quiz Categories
Sports
Geography
Music
Movies
Television
Just For Fun
Miscellaneous
History
Literature
Language
Science
Gaming
Entertainment
Religion
Holiday
For Kids
Quiz Lab
Recent
Popular Today
Quiz Kudos Today
Editor Picks
Curator Picks
Quizzes by...
Day
Popularity
Type
Ratings
Length
Year
Community
Subscriptions
Recent Discussions
Orange Saloon
Badges
Playlists
Quests
Create
Leaderboards
Showdown
Live 5
Trivia Bingo
Activity
Puzzle Library
Sporcle Events
Private Events
Virtual Trivia
Globe League
Become a Host
Pub Owners
SporcleCon
Opinionation
Our Games
Videos
Blog
Mobile Apps
Partnerships
Remove Ads and Go Orange
Feedback
Music
Pop Music
The Beatles
Song
Album
Lyrics
Bands
Singers
Artist
Clip
Rock
Rap
Classical
Billboard
Country Music
Kpop
Taylor Swift
Music
Pop Music
The Beatles
Song
Album
Lyrics
Bands
Singers
Artist
Clip
Rock
Rap
Classical
Billboard
Country Music
Kpop
Taylor Swift
Random Quiz
Search Sporcle
×
Editor Pick
Editor Pick
Music
Singers
Type in answers that appear in a list
Type in answers that appear in a list
Classic
Best Score? Go Orange.
100 Female Solo Singers by Debut Album Stats
Can you name the 100 female solo singers (in no particular order) in this list?
By
tennisgirl123
18m
100 Questions
2,381 Plays
2,381 Plays
2,381 Plays
Comments
Comments
Give Quiz Kudos
Give Quiz Kudos
-
- Ratings
hide this ad
More Info
Replay
Link that replays current quiz
Next Quiz
Link to next quiz in quiz playlist
You Got
0%
They Got
Avg Score
34%
Avg Friend Score
Upgrade to see
Score Distribution
Jump to the score distribution portion of the page
Score
0/100
Timer
18:00
0
Plays Today
Genre
Singer
% Correct
Pop/
Country
Miley Cyrus
91.6%
Pop
Britney Spears
81.2%
R&B/
Pop/
Soul
Beyonce
79.3%
Pop/
Rock
Madonna
77.5%
R&B/
Soul
Aretha Franklin
66.4%
Pop
Katy Perry
63.5%
Pop/
Soul/
R&B/
Latin
Christina Aguilera
62.5%
Pop/
Soul/
R&B/
Rock
Whitney Houston
62.4%
Pop/
Singer-
Songwriter
Lady Gaga
61.7%
Pop/
R&B
Mariah Carey
61.5%
Country/
Singer-
Songwriter
Dolly Parton
61.5%
Pop
Cyndi Lauper
58.2%
Pop
Rihanna
58.1%
Pop/
Soul/
Singer-
Songwriter
Alicia Keys
57.5%
Country
Carrie Underwood
57.1%
Pop/
Country/
Singer-
Songwriter
Taylor Swift
56.9%
Pop/
Latin
Jennifer Lopez
56.8%
Country/
Pop/
Singer-
Songwriter
Shania Twain
56.3%
Pop
P!nk
54.4%
Jazz/
Singer-
Songwriter
Norah Jones
53.6%
Pop/
Rock/
Country/
Singer-
Songwriter
Sheryl Crow
52.5%
Pop/
Soul/
Singer-
Songwriter
Kelly Clarkson
52.4%
R&B/
Soul
Diana Ross
52.2%
Pop/
Singer-
Songwriter
Adele
52%
Gospel/
Jazz/
Rock/
R&B/
Soul
Etta James
51.8%
Blues/
Rock
Janis Joplin
51.8%
Country/
Pop/
Rock/
Soul
Faith Hill
49.9%
Pop/
Latin
Celine Dion
49.8%
Pop
Cher
47.8%
Pop
Paula Abdul
47.8%
Latin/
Pop/
Rock/
Singer-
Songwriter
Shakira
44.8%
Pop
Natasha Bedingfield
43.9%
Rock
Patti Smith
43.1%
Jazz/
Soul/
R&B
Amy Winehouse
41.5%
Genre
Singer
% Correct
Country/
Pop/
Singer-
Songwriter
Jewel
41.2%
Rock/
Singer-
Songwriter
Stevie Nicks
40.5%
Pop/
Rock/
Singer-
Songwriter
Avril Lavigne
40%
Folk/
Jazz/
Rock/
Singer-
Songwriter
Joni Mitchell
39.7%
Pop/
Rock/
Singer-
Songwriter
Alanis Morissette
39.6%
Pop/
Disco/
Jazz/
Classical/
Rock
Barbra Streisand
38.7%
Country
Patsy Cline
36.7%
Pop/
Rock
Gwen Stefani
36.6%
Jazz
Ella Fitzgerald
36.1%
Country
LeAnn Rimes
35.5%
Pop/
Singer-
Songwriter
Carole King
35.5%
Country/
Singer-
Songwriter
Loretta Lynn
35.3%
R&B
Tina Turner
35.1%
Soul/
R&B/
Pop
Mary J. Blige
34.6%
Country/
Singer-
Songwriter
Miranda Lambert
33.2%
Pop/
Rock/
Singer-
Songwriter
Carly Simon
32.2%
Pop/
Latin
Selena Gomez
32.1%
Pop/
Latin
Gloria Estefan
32.1%
Tejano/
Pop
Selena
31%
Country
Gretchen Wilson
30.9%
Pop
Annie Lennox
30.2%
Rock
Pat Benatar
27.9%
Pop
Dusty Springfield
26.9%
Country
Tammy Wynette
26.8%
Country
Reba McEntire
26.6%
Pop/
R&B/
Soul
Leona Lewis
26.5%
Pop/
Rock
Linda Ronstadt
25.9%
Soul/
R&B
Jennifer Hudson
22.9%
Blues/
Country/
Singer-
Songwriter
Bonnie Raitt
22.1%
Country/
Pop
Brenda Lee
21.8%
Pop
Paula Cole
20.9%
Soul/
R&B
Dionne Warwick
20.5%
Country/
Pop
Martina McBride
20.4%
Country
Trisha Yearwood
20%
Genre
Singer
% Correct
Folk/
Country/
Singer-
Songwriter
Mary Chapin Carpenter
19.7%
Soul
Joss Stone
19.4%
Pop
Jessie J
19.2%
Country/
Singer-
Songwriter
Emmylou Harris
18.5%
Country
Bobbie Gentry
17.3%
R&B
Patti LaBelle
16.6%
Folk/
Pop
Sarah McLachlan
15.7%
R&B/
Pop
Darlene Love
15.5%
Country
Connie Francis
15.3%
Rock/
Singer-
Songwriter
Melissa Etheridge
15.2%
Pop
KT Tunstall
15%
Country
Tanya Tucker
14.7%
Country
Sara Evans
14.3%
Bluegrass/
Country
Alison Krauss
13.8%
Country/
Pop
Anne Murray
13.2%
Pop/
Singer-
Songwriter
Colbie Caillat
12.5%
Country
Kacey Musgraves
12.4%
Country/
Pop
Crystal Gayle
12.4%
Country
Kellie Pickler
11.5%
Country
Lynn Anderson
10.7%
R&B
Mary Wells
9.3%
Pop/
Singer-
Songwriter
Sara Bareilles
9.2%
Country
Barbara Mandrell
8.7%
Country
Lee Ann Womack
8.3%
Country
Pam Tillis
7.9%
Country
Patty Loveless
7.1%
Pop/
Rock/
Singer-
Songwriter
Shawn Colvin
6.8%
Country
Dottie West
6.3%
Country
Jo Dee Messina
6%
Rock/
Singer-
Songwriter
Laura Nyro
6%
Country
Wynonna
5.8%
Pop/
Rock/
Singer-
Songwriter
Melissa Manchester
5.5%
Quiz Playlist
Details
Report
Send in Message
Add To Playlist
More Info:
Please rate if possible and most importantly, have fun!
Classic:
Type in answers that appear in a list
Last Updated: Sep 20, 2017
Editor Pick in
Music
Quiz Scoreboard
CHALLENGE
Sign Up to Join the Scoreboard
Show All
Scores
Hide
Comments
May contain spoilers
Recently Published
NBA Finals Game Top Scorers (2010s)
by flibbidy
Sports
5m
Guess the 'R' Things in 3 Words
by MSUKent
Miscellaneous
3m
Actor to Badly Drawn Movie III
by MoMosMoProblems
Movies
5m
More to Explore
Quiz From the Vault
Featured Blog Post
Where Does Lost Luggage Go?
hide this ad
You Might Also Like...
Tags
Album Quiz
Singers Quiz
100
female
genre
Order
particular
Released
solo
Today's Top Quizzes in Music
Browse Music
hide this ad
Today's Top Quizzes in Singers
Browse Singers
Top Contributed Quizzes in Music
1
Taylor Swift All Songs (2024)
2
Image Sorting: Rock Albums II
3
Image Sorting: Rock Albums III
4
Image Sorting: Rock Albums IV
5
Image Sorting: Rock Albums V
6
Image Sorting: Rock Albums VI
7
Taylor Swift Logic Puzzle
8
Adjectives in 80s Songs
9
Image Sorting: Album Titles
10
Nickname Match: Musicians
Explore More
Trending Topics
Disney
Kpop
NBA
Marvel
Crossword
Harry Potter
Anime
The Office
Country
WWE
NFL
Pokémon
Song
Soccer
Puzzle
hide this ad
More By:
tennisgirl123
Quiz
Plays
Rating
Category
Featured
Created
Minute Math: Square Roots
56,533
4.36
Science
Jan 23, 2014
Click a Jen
45,784
4.17
Miscellaneous
Apr 1, 2015
'Friends' Facts (Clickable)
9,799
2.33
Television
Oct 28, 2014
Top 100 Country Music Artists of All Time
8,890
4.77
Music
Nov 17, 2014
USWNT 2015 Number Match-Up
5,619
5.00
Sports
Jun 14, 2015
Go to Creator's Profile
Score Distribution
Quiz Creator Spotlight
tennisgirl123
Follow
Send a Message
Quizzes Created
-
Created Quiz Play Count
-
More By This Creator
Popular Quizzes Today
1
Find the US States - No Outlines Minefield
2
Find the US States
3
The Countries of the World
4
10 Largest US States in Order
5
Find the Countries of Europe - No Outlines Minefield
6
US States
7
Guess the 'R' Things in 3 Words
8
NBA Finals Game Top Scorers (2010s)
More Music Quizzes
Know Your Grunge!
Published
Trending Quizzes
First Name TV: Leading Men
Match the Book to the Film II
First Name TV: Leading Women Drama
Match the Book to the Film VI
3-Word Movies in 1 Word II
Recently Updated
Women's Final Four Teams by Year
bhenderson79
Presidents Quartet II
eogle
Anything But Clue(do)
eogle
Anything But Oceanian Capitals
eogle
Anything But 7
eogle
Anything But Thing
eogle
Word Ladder: February 29
pecheneg
Song Title Questions
pecheneg
Women's NCAA Tournament #1 Seeds
pecheneg
Celebrity Mug Shots
pecheneg
Trending Topics
Kpop
Harry Potter
Marvel
NBA
Crossword
Anime
Disney
Pokémon
Country
Song
The Office
Soccer
Puzzle
NFL
WWE
Your Account Isn't Verified!
In order to create a playlist on Sporcle, you need to verify the email address you used during registration. Go to your
Sporcle Settings
to finish the process.
Report this User
Report this user for behavior that violates our
Community Guidelines
.
Details:
Send Report
Go to the Sporcle.com Mobile Site →
Comments